Vieilles photos de personnalités (1) - Statistiques

Statistiques générales
  • Ce quiz a été pris 231 fois
  • Le résultat moyen est 8 sur 20
Statistiques - réponses
Par images Réponse % Correct
Marc {Lavoine}
91%
Sylvie {Vartan}
84%
Nino {Ferrer}
79%
Jean-Paul {Sartre}
70%
{Soprano}
64%
Guy {Bedos}
57%
Jean {Marais}
50%
Didier {Barbelivien}
43%
Robert {Hossein}
36%
Marcel {Amont}
32%
Michel {Fugain}
32%
Nicolas {Peyrac}
31%
Jean {Poiret}
28%
Jean {Ferrat}
24%
Francis {Blanche}
23%
Pierre {Perret}
23%
Philippe {Katerine}
22%
Catherine {Lara}
15%
Pierre {Brasseur}
9%
{Aimable}
2%
Aucun quiz correspondant
Distribution des résultats
% des personnes avec chaque résultat
Percentile par nombre de réponses
Votre historique - résultats
Vous n’avez pas pris ce quiz